000
00242nam a2200133Ia 4500
100
_a
#N/A
942
_c
BK
654
_a
study speaking
245
_a
Study speaking
260
_b
#N/A
082
_b
21633
546
_a
ENGLISH
999
_c
25062
_d
25062